Macom postavili zábavnú preliezačku kým sa dostanú k medu, musia pošpekulovať

Bibliographic Details
Main Author: Podhorská, Kveta (Author)
Format: Article
Language:Slovak
PhysicalDescription:Fotogr.
ISSN:1335-4566
Subjects:

MARC

LEADER 00000nab a2200000 a 4500
001 vtls010270632
003 SK-MaSNL
005 20260303092912.0
008 110413c20110413xo drz 0 0slo
038 |a KEVKJB 
040 |a KEVKJB  |b slo  |c KEVKJB  |e AACR2 
041 0 |a slo 
044 |a xo  |c SK 
080 |a 59:069.029  |2 2001 
100 1 |a Podhorská, Kveta  |4 aut  |9 872973 
245 1 0 |a Macom postavili zábavnú preliezačku  |b kým sa dostanú k medu, musia pošpekulovať  |c Kveta Podhorská 
300 |b Fotogr. 
610 2 7 |a Zoologická záhrada (Košice, Slovensko)  |x medvede  |2 kevkjb  |9 1034976 
651 7 |a Košice (Slovensko)  |2 kevkjb  |9 18694 
773 0 |t Košický Korzár  |g Roč. XIV., č. 86 (13.4.2011), s. 6  |x 1335-4566 
852 |a KEVKJB  |b KIS3GCP 
999 |c 1813574  |d 1815504